Star formation from the small to the large scale (Record no. 14119)
[ view plain ]
| 000 -LEADER | |
|---|---|
| fixed length control field | 00859nam a2200229Ia 4500 |
| 003 - CONTROL NUMBER IDENTIFIER | |
| control field | IN-BaIIA |
| 008 - FIXED-LENGTH DATA ELEMENTS--GENERAL INFORMATION | |
| fixed length control field | 211028s9999 xx 000 0 eng d |
| 020 ## - INTERNATIONAL STANDARD BOOK NUMBER | |
| International Standard Book Number | 92-9092-780-1 |
| 040 ## - CATALOGING SOURCE | |
| Transcribing agency | IIA Library |
| 080 ## - UNIVERSAL DECIMAL CLASSIFICATION NUMBER | |
| Universal Decimal Classification number | 524.3-52 |
| Item number | STA |
| 110 ## - MAIN ENTRY--CORPORATE NAME | |
| Corporate name or jurisdiction name as entry element | European Space Laboratory |
| 9 (RLIN) | 24840 |
| 111 ## - MAIN ENTRY--MEETING NAME | |
| Meeting name or jurisdiction name as entry element | ESLAB Symposium |
| Number of part/section/meeting | 33 rd |
| Location of meeting | Noordwijk, Netherlands |
| Date of meeting or treaty signing | 1999 Nov. 2-5 |
| 9 (RLIN) | 24841 |
| 245 #0 - TITLE STATEMENT | |
| Title | Star formation from the small to the large scale |
| Remainder of title | proceedings of 33rd ESLAB symposium held in Noordwijk, Netherlands, November 2-5, 1999 |
| Statement of responsibility, etc. | edited by F. Favata, A. Kass and A. Wilson |
| 260 ## - PUBLICATION, DISTRIBUTION, ETC. | |
| Place of publication, distribution, etc. | Netherlands |
| Name of publisher, distributor, etc. | European Space Agency |
| Date of publication, distribution, etc. | 2000 |
| 300 ## - PHYSICAL DESCRIPTION | |
| Extent | xiv, 583p. |
| 490 ## - SERIES STATEMENT | |
| Series statement | ESA SP-445 |
| 650 ## - SUBJECT ADDED ENTRY--TOPICAL TERM | |
| Topical term or geographic name entry element | Star formation- local, high redshift |
| 9 (RLIN) | 24842 |
| 700 ## - ADDED ENTRY--PERSONAL NAME | |
| Personal name | Fabio Favata, ed. |
| 9 (RLIN) | 24843 |
| 700 ## - ADDED ENTRY--PERSONAL NAME | |
| Personal name | Kaas, A., ed. |
| 9 (RLIN) | 24844 |
| 700 ## - ADDED ENTRY--PERSONAL NAME | |
| Personal name | Wilson, Andrew, ed. |
| 9 (RLIN) | 24845 |
| 942 ## - ADDED ENTRY ELEMENTS (KOHA) | |
| Koha item type | Books |
| Withdrawn status | Lost status | Damaged status | Not for loan | Home library | Current library | Shelving location | Date acquired | Total Checkouts | Full call number | Barcode | Date last seen | Price effective from | Koha item type |
|---|---|---|---|---|---|---|---|---|---|---|---|---|---|
| IIA Library-Bangalore | IIA Library-Bangalore | General Stacks | 23/05/2001 | 524.3-52/ STA | 15039 | 05/11/2021 | 23/05/2001 | Books |